Construyendo una historia de la música local

Đã lưu trong:
Chi tiết về thư mục
Tác giả chính: Barrientos, Lina (Tác giả)
Định dạng: Sách
Ngôn ngữ:Tiếng Tây Ban Nha
Được phát hành: Santiago Mineduc 2000
Loạt:Módulo de Educación Musical
Những chủ đề:
Các nhãn: Thêm thẻ
Không có thẻ, Là người đầu tiên thẻ bản ghi này!

MARC

LEADER 00000nam a2200000 a 4500
001 UCN7765
003 CL-VaPUC
008 011026e20000600CL |||||||||||||||||spa|d
082 0 4 |a 780.0712  |b BAR  |2 21 
100 0 |a Barrientos, Lina  |e author  |9 463841 
245 1 0 |a Construyendo una historia de la música local 
300 |a 97 p 
942 |c BK 
945 |d 20011026 00:00:00  |a cmena 
260 |a Santiago  |b Mineduc  |c 2000 
650 0 |a Educación musical   |9 310072 
650 0 |a Historia de la música  |9 306741 
650 0 |a Métodos de enseñanza  |9 270413 
650 0 |a Música chilena  |9 306643 
583 |a last modification  |c 20011026 00:00:00  |k Rodrigo Vera 
490 0 |a Módulo de Educación Musical 
999 |c 297971  |d 297969 
952 |0 0  |1 0  |4 0  |6 780_071200000000000_BAR_2000  |7 0  |8 A  |9 353058  |a BIBEDU  |b BIBEDU  |d 2019-11-21  |i 3754049  |o 780.0712 BAR 2000  |p 3754049  |r 2019-11-21  |w 2019-11-21  |y BK  |k BME